000 00292nam a22001337a 4500
003 SGT
020 _a978-0-387-37574-8
082 _a612.826
_bA07E
100 _aELBAUM, JEAN
245 _aACQUIRED BRAIN INJURY
260 _aNEW YORK
_bSPRINGIER
_c2007
300 _a298
942 _2ddc
_cBK
999 _c15428
_d15428